000 01035nam a2200277 4500
003 OSt
005 20260601193843.0
008 260420b1973 sp a|||| |||| 00| 0 spa d
040 _aICI
_bspa
_cICI
050 _aTS171
_bD65 1977
100 1 _aDorfles, Gillo,
_d1910-
_931081
240 1 _aII Disegno industriale e la sua estetica
_lEspañol
245 1 _aEl diseño industrial y su estética /
_cGillo dorfles ; traducción de j. m. García de la Mora ; prólogo de alexandre cirici
250 _asegunda edición
264 _bEditorial Labor,
_c1973
_aBarcelona :
300 _a147 páginas
336 _atexto
_2rdacontent
337 _asin medio
_2rdamedia
338 _avolumen
_2rdacarrier
490 0 _aNueva colección Labor. serie siena : arte
650 _aDiseño industrial
700 1 _aCirici, Alexandre,
_d1914-
_eprologuista
_931082
700 _aGarcia de la Mora, J. M.,
_etraductor
_931083
700 1 _aDorfles, Gillo,
_d1910-
_tDisegno industriale e la sua estetica
_iTraducción de:
_931084
942 _2lcc
_cB
999 _c21535
_d21535